Statistics for 1990s Albums Quiz #2

Click here to take the quiz!

General Stats

  • This quiz has been taken 6,276 times
  • The average score is 10 of 24

Answer Stats

Year Album Musical Act % Correct
1999The Slim Shady LPEminem
93%
1997SpiceworldSpice Girls
92%
1999...Baby One More TimeBritney Spears
92%
1991Achtung BabyU2
65%
1992The ChronicDr. Dre
54%
1994CrazySexyCoolTLC
53%
1991Use Your Illusion IGuns N' Roses
51%
1996CrashDave Matthews Band
46%
1993Siamese DreamSmashing Pumpkins
44%
1999Millennium Backstreet Boys
39%
1994Ready to DieNotorious B.I.G.
36%
1994SuperunknownSoundgarden
36%
1999SupernaturalSantana
35%
1990Step by StepNew Kids on the Block
34%
1999The Battle of Los AngelesRage Against the Machine
33%
1998Wide Open SpacesDixie Chicks
31%
1996ATLiensOutkast
28%
1994IllmaticNas
26%
1990Fear of A Black PlanetPublic Enemy
26%
1996Reasonable DoubtJay-Z
25%
1998Devil Without a CauseKid Rock
25%
1991Pocket Full of KryptoniteSpin Doctors
24%
1997BaduizmErykah Badu
23%
1992Slanted and EnchantedPavement
11%

Score Distribution

Percentile by Number Answered

Percent of People with Each Score

Your Score History

You have not taken this quiz